| 000 | 01124nam a2200313 i 4500 | ||
|---|---|---|---|
| 005 | 20191224041524.0 | ||
| 008 | 140220s1996 ck a gr|||| 00| 0 spa d | ||
| 020 | _a9589457045 | ||
| 040 |
_aCO-BoIAVH _cCO-BoIAVH |
||
| 041 | 0 | _aspa | |
| 044 | _ack | ||
| 082 | 0 | 4 |
_a599.359 _bP94g |
| 100 | 1 | _aPérez Torres, Jairo | |
| 245 | 1 | 0 |
_aGuía para el manejo y cría de la "Paca" Agouti paca / _cConvenio Andres Bello, Asociación Colombiana para el Avance de la Ciencia |
| 260 |
_aBogotá : _bConvenio Andres Bello : _bAsociación Colombiana para el Avance de la Ciencia, _c1996. |
||
| 300 |
_a38 páginas : _bIlustraciones; _c28 x 22 cm. |
||
| 490 | 0 |
_aSerie ciencia y tecnología ; _v58 |
|
| 650 | 2 | 6 |
_aMamíferos _vGuías. |
| 650 | 2 | 6 |
_aCría de animales _vGuías. |
| 650 | 2 | 6 |
_aRoedores _vGuías. |
| 650 | 2 | 6 | _aUso de biodiversidad |
| 650 | 2 | 6 | _aManejo de fauna |
| 650 | 2 | 6 | _aHábitos alimentarios |
| 650 | 2 | 6 | _aReproducción |
| 650 | 2 | 6 | _aZoocría |
| 700 | 1 | _aBernal, Henry Yesid | |
| 700 | 1 | _aGarcía, Martha Patricia | |
| 942 |
_cLIBRO _2ddc |
||
| 999 |
_c345 _d345 |
||